[Event "Kaltern/Tramin - Bruneck"]
[Site "?"]
[Date "2016.12.03"]
[Round "3.3"]
[White "Glueck, Alexander"]
[Black "Panjkovic, Aleksandar"]
[Result "0-1"]
[WhiteElo "1933"]
[BlackElo "2087"]
[PlyCount "62"]
[EventDate "2016.12.03"]

1. d4 d6 2. c4 e5 3. Nf3 e4 4. Ng1 f5 5. Nc3 Nf6 6. Bg5 Be7 7. e3 O-O 8. h3 c6
9. Nge2 Na6 10. g4 Nc7 11. Ng3 d5 12. gxf5 Kh8 13. c5 b6 14. b4 Ng8 15. Bf4
Bxf5 16. Nxf5 Rxf5 17. Be2 Ne6 18. Bg3 Ng5 19. Qc2 Nf3+ 20. Bxf3 Rxf3 21. O-O-O
a5 22. b5 Rc8 23. bxc6 Rxc6 24. Qa4 Rc8 25. c6 Bd6 26. Kb1 Bxg3 27. fxg3 Ne7
28. Qb5 Rxc6 29. Rc1 Rxe3 30. Nxd5 Rxc1+ 31. Rxc1 Nxd5 0-1

[Event "Kaltern/Tramin - Bruneck"]
[Site "?"]
[Date "2016.12.04"]
[Round "3.4"]
[White "Dallaglio, Giovanni"]
[Black "Peintner, Andreas"]
[Result "0-1"]
[WhiteElo "1826"]
[BlackElo "1933"]
[PlyCount "122"]
[EventDate "2016.12.03"]

1. d4 Nf6 2. Nf3 c5 3. c4 e6 4. Nc3 cxd4 5. Nxd4 a6 6. e3 Qc7 7. Be2 b6 8. Bf3
Ra7 9. Qe2 Nc6 10. Nxc6 dxc6 11. O-O Be7 12. b3 O-O 13. Bb2 Bb7 14. Rfd1 Raa8
15. Rd2 Rfd8 16. Rad1 Rxd2 17. Rxd2 Rd8 18. Rxd8+ Qxd8 19. g3 Qc7 20. h4 c5 21.
Bxb7 Qxb7 22. e4 Nd7 23. e5 Bd8 24. Ne4 Bc7 25. f4 b5 26. h5 h6 27. Ba3 bxc4
28. bxc4 Ba5 29. Kh2 Qc6 30. Qf3 Qa4 31. Nd6 Bb4 32. Qa8+ Nf8 33. Bxb4 cxb4 34.
Qb7 Nd7 35. c5 Qxa2+ 36. Kh3 Qe2 37. Qa8+ Kh7 38. Qe4+ Qxe4 39. Nxe4 Nb8 40.
Kg2 Kg8 41. Kf2 Kf8 42. Ke3 Nc6 43. Kd3 Ke7 44. Kc4 f6 45. exf6+ gxf6 46. g4 f5
47. gxf5 exf5 48. Nd6 Ke6 49. Ne8 a5 50. Nc7+ Kd7 51. Nd5 Ne7 52. Ne3 Kc6 53.
Nc2 Kc7 54. Nd4 a4 55. Kb5 a3 56. Nc2 Nd5 57. Kc4 a2 58. Na1 Kc6 59. Kd4 Nxf4
60. Ke5 Nxh5 61. Kxf5 Kxc5 0-1

[Event "Kaltern/Tramin - Bruneck"]
[Site "?"]
[Date "2016.12.03"]
[Round "3.5"]
[White "Balzarini, Franco"]
[Black "Dibiasi, Rainer"]
[Result "1/2-1/2"]
[WhiteElo "1822"]
[BlackElo "1797"]
[PlyCount "117"]
[EventDate "2016.12.03"]

1. d4 Nf6 2. Nf3 e6 3. e3 c5 4. Be2 d5 5. c4 cxd4 6. Nxd4 Bd7 7. O-O Be7 8. Nd2
O-O 9. a3 Nc6 10. N2f3 Rc8 11. cxd5 Nxd5 12. Bd2 Bf6 13. Rc1 Nxd4 14. exd4 Qb6
15. Rxc8 Rxc8 16. Bc1 Rd8 17. Qd3 a6 18. Qe4 Bb5 19. Bxb5 Qxb5 20. h3 Be7 21.
Qc2 Bd6 22. Ng5 Nf6 23. Bd2 Qd5 24. Nf3 Bb8 25. Rc1 Ne4 26. Be3 h6 27. Qc4 Qd6
28. b4 g5 29. Qc2 Qd5 30. Qc4 Qd6 31. Qc2 Qd5 32. Qe2 Kg7 33. Qc4 Qd6 34. Qc2
Qd5 35. Qc4 Qd6 36. Qe2 Qd5 37. Qc2 f6 38. Qc4 Qd6 39. b5 a5 40. a4 h5 41. Qc2
Qd5 42. Qe2 g4 43. hxg4 hxg4 44. Nd2 f5 45. Nxe4 Qxe4 46. Qc2 Qxc2 47. Rxc2 e5
48. g3 f4 49. gxf4 exf4 50. Bd2 Kg6 51. Rc4 Ba7 52. Bxf4 Rxd4 53. Rxd4 Bxd4 54.
Bc7 Bc3 55. Kf1 Kf5 56. Ke2 Ke4 57. Bb6 Bb4 58. Ba7 Bc3 59. Bb6 1/2-1/2

[Event "Kaltern/Tramin - Bruneck"]
[Site "?"]
[Date "2016.12.03"]
[Round "3.6"]
[White "Comai, Samuele"]
[Black "Niederkofler, Andreas"]
[Result "0-1"]
[WhiteElo "1822"]
[BlackElo "1780"]
[PlyCount "108"]
[EventDate "2016.12.03"]

1. d4 Nf6 2. c4 e6 3. Nf3 c5 4. d5 exd5 5. cxd5 d6 6. Nc3 g6 7. Bf4 Bg7 8. e3
O-O 9. h3 a6 10. a4 Qb6 11. Ra3 Nh5 12. Rb3 Qc7 13. Bh2 Re8 14. Be2 Nd7 15. Nd2
Nhf6 16. Nc4 Bf8 17. O-O Ne4 18. Nxe4 Rxe4 19. Qc2 Re8 20. Bf3 Rb8 21. a5 b5
22. axb6 Nxb6 23. Ra1 Nxc4 24. Qxc4 Rxb3 25. Qxb3 Bb7 26. Be2 Rb8 27. Qc4 Qb6
28. Rb1 Qa5 29. b4 Qb6 30. b5 Bc8 31. Bf4 Bd7 32. e4 axb5 33. Qd3 b4 34. h4 Bb5
35. Qxb5 Qxb5 36. Bxb5 Rxb5 37. Kf1 Ra5 38. Bg3 f6 39. Ke2 Ra3 40. Bf4 Kf7 41.
Be3 Bg7 42. f4 Ke7 43. g4 Kd7 44. h5 Ke7 45. h6 Bxh6 46. Rh1 Bg7 47. Rxh7 Kf8
48. Rh1 c4 49. Rb1 Ra2+ 50. Kd1 b3 51. f5 Kf7 52. Bd4 Rh2 53. Rc1 Rh1+ 54. Kd2
Bh6+ 0-1

[Event "Lana - Merania"]
[Site "?"]
[Date "2016.12.03"]
[Round "3.1"]
[White "Kaserer, Hanspeter"]
[Black "Pichler, Norbert"]
[Result "0-1"]
[WhiteElo "1743"]
[BlackElo "1742"]
[PlyCount "59"]
[EventDate "2016.12.03"]

1. d4 Nf6 2. c4 c5 3. d5 b5 4. cxb5 a6 5. Nc3 axb5 6. e4 b4 7. Nb5 d6 8. Bf4
Nbd7 9. Nf3 Ng4 10. Ng5 Nge5 11. Bg3 h6 12. Nf3 Nxf3+ 13. Qxf3 Ba6 14. a4 g6
15. Bc4 Bg7 16. O-O Bxb2 17. Rab1 Be5 18. Qe2 Bxb5 19. Bxb5 Bxg3 20. hxg3 O-O
21. f4 Nf6 22. Bc6 Ra7 23. e5 dxe5 24. Rbd1 e4 25. g4 Qd6 26. g5 hxg5 27. f5
Kg7 28. Rf2 Qg3 29. Kf1 Rh8 30. Ke1 0-1

[Event "Naturns - J.Richter/LASK"]
[Site "?"]
[Date "2016.12.03"]
[Round "3.2"]
[White "Teutsch, Alexander"]
[Black "Moncher, Stefano"]
[Result "0-1"]
[WhiteElo "2045"]
[BlackElo "2171"]
[PlyCount "46"]
[EventDate "2016.12.03"]

1. d4 Nf6 2. c4 g6 3. Nc3 Bg7 4. e4 d6 5. f4 O-O 6. Nf3 c5 7. d5 e6 8. dxe6
fxe6 9. Bd3 Nh5 10. g3 Nc6 11. Ng5 Nf6 12. O-O Kh8 13. Be3 h6 14. e5 dxe5 15.
Nf3 exf4 16. Bxf4 g5 17. Be3 b6 18. Ne4 Ng4 19. Bxg5 hxg5 20. Nfxg5 Rxf1+ 21.
Qxf1 Qd4+ 22. Kh1 Nce5 23. Nf7+ Kg8 0-1

[Event "Naturns - J.Richter/LASK"]
[Site "?"]
[Date "2016.12.03"]
[Round "3.3"]
[White "Voltolini, Giuseppe"]
[Black "Unterthurner, Hans"]
[Result "1-0"]
[WhiteElo "2182"]
[BlackElo "1937"]
[PlyCount "83"]
[EventDate "2016.12.03"]

1. d4 Nf6 2. c4 g6 3. Nc3 d5 4. Bf4 Bg7 5. e3 O-O 6. Rc1 c6 7. Nf3 Qa5 8. Bd3
Nbd7 9. h3 c5 10. O-O cxd4 11. exd4 dxc4 12. Bxc4 Nb6 13. Bb3 Bf5 14. Re1 Rad8
15. Rxe7 Nfd5 16. Nxd5 Nxd5 17. Rc5 Qxc5 18. dxc5 Nxe7 19. Bd6 Bf6 20. Qe2 Rfe8
21. Ne5 Bxe5 22. Qxe5 Nc8 23. Qf6 Nxd6 24. cxd6 Rd7 25. g4 Be4 26. h4 Bc6 27.
h5 Re1+ 28. Kh2 gxh5 29. Qg5+ Kf8 30. Qh6+ Ke8 31. Qxh7 Rh1+ 32. Kg3 Rg1+ 33.
Kf4 Rxg4+ 34. Ke5 Re4+ 35. Kf5 Rxd6 36. Bxf7+ Kd8 37. Qxh5 Red4 38. Qh8+ Ke7
39. Bb3 a6 40. f4 Bd5 41. Qxd4 Be6+ 42. Ke5 1-0

[Event "Naturns - J.Richter/LASK"]
[Site "?"]
[Date "2016.12.03"]
[Round "3.4"]
[White "Gurschler, Thomas"]
[Black "Pangrazzi, Marco"]
[Result "0-1"]
[WhiteElo "1822"]
[BlackElo "2241"]
[PlyCount "62"]
[EventDate "2016.12.03"]

1. d4 d5 2. Bf4 e6 3. e3 Bd6 4. Bg3 c6 5. Nd2 f5 6. Bd3 Nf6 7. Ngf3 O-O 8. Ne5
Qc7 9. Ndf3 Ne4 10. O-O Nxg3 11. hxg3 Nd7 12. Nxd7 Bxd7 13. c4 Be8 14. c5 Be7
15. Ne5 Bxc5 16. f4 Bd6 17. g4 c5 18. gxf5 exf5 19. Qf3 Bc6 20. Qh5 g6 21. Nxg6
Qf7 22. Rf3 hxg6 23. Rg3 Be8 24. Kf2 cxd4 25. Rh1 dxe3+ 26. Kf3 Qg7 27. Qh2 Kf7
28. Bxf5 Ke7 29. Qh4+ Qf6 30. Qh7+ Rf7 31. Qxg6 Qxf5 0-1

[Event "Naturns - J.Richter/LASK"]
[Site "?"]
[Date "2016.12.03"]
[Round "3.5"]
[White "Bevilacqua, Maurizio"]
[Black "Naegele, Norbert"]
[Result "1-0"]
[WhiteElo "2019"]
[BlackElo "1856"]
[PlyCount "119"]
[EventDate "2016.12.03"]

1. c4 g6 2. g3 Bg7 3. Bg2 d6 4. d4 Nc6 5. Nf3 e5 6. d5 Nce7 7. Nc3 f5 8. Ng5
Nf6 9. Qb3 c6 10. O-O h6 11. Ne6 Bxe6 12. dxe6 Qc7 13. Rd1 O-O 14. Qa3 Ne8 15.
Na4 Rd8 16. Be3 b6 17. Rac1 Rf6 18. b4 Rxe6 19. Bd5 Nxd5 20. cxd5 Re7 21. Rxc6
Qd7 22. b5 f4 23. Bc1 Qf5 24. Qf3 g5 25. e4 Qg6 26. Nc3 g4 27. Qd3 Rf7 28. Rf1
Qh5 29. Nd1 Qh3 30. Re1 Qh5 31. a4 Qg6 32. Ba3 h5 33. Qf1 h4 34. gxh4 Qh5 35.
Qg2 Qxh4 36. Kh1 Bf6 37. Rc3 Rg7 38. Rg1 Kf7 39. h3 gxh3 40. Qxh3 Rxg1+ 41.
Kxg1 Qxh3 42. Rxh3 Rc8 43. Rc3 Rxc3 44. Nxc3 Be7 45. Kg2 Nf6 46. Kf3 Nd7 47.
Kg4 Kg6 48. Bb4 Nf6+ 49. Kf3 Nd7 50. Nb1 Nc5 51. Bxc5 dxc5 52. Nd2 Kf6 53. Nc4
Bd8 54. Nd6 Ke7 55. Nc8+ Kd7 56. Nxa7 Be7 57. Nc6 Bf6 58. a5 bxa5 59. Nxa5 Kc7
60. Nc4 1-0

[Event "Naturns - J.Richter/LASK"]
[Site "?"]
[Date "2016.12.03"]
[Round "3.6"]
[White "Gurschler, Gregor"]
[Black "Battiston, Claudio"]
[Result "1-0"]
[WhiteElo "1831"]
[BlackElo "1829"]
[PlyCount "73"]
[EventDate "2016.12.03"]

1. e4 e5 2. Nf3 Nc6 3. Bc4 Nf6 4. d3 Be7 5. c3 O-O 6. Bb3 d6 7. Nbd2 Be6 8. Bc2
d5 9. O-O dxe4 10. dxe4 Qd7 11. Qe2 Bg4 12. Qb5 a6 13. Qe2 b5 14. Rd1 Bd6 15.
Nf1 h6 16. Ne3 Rad8 17. Nxg4 Qxg4 18. h3 Qh5 19. a4 Rb8 20. axb5 axb5 21. b4
Rfd8 22. Be3 Qg6 23. Bd2 Nh5 24. Nh4 Nf4 25. Bxf4 Qf6 26. Bg3 g6 27. Qf3 Qe6
28. Ra3 Kg7 29. Bb3 Qe7 30. Qg4 Kh7 31. Bd5 Rb6 32. f4 Bxb4 33. cxb4 Nxb4 34.
Ra7 Nc2 35. Bf2 Rbd6 36. Rc1 Nb4 37. Rcxc7 1-0

[Event "Naturns2 - J.Richter/LASK2"]
[Site "?"]
[Date "2016.12.03"]
[Round "3.5"]
[White "Casadio, Nicolo"]
[Black "Wielander, Wolfgang"]
[Result "0-1"]
[WhiteElo "1529"]
[BlackElo "1433"]
[PlyCount "44"]
[EventDate "2016.12.03"]

1. e4 c5 2. Nc3 d6 3. f4 e6 4. Bb5+ Bd7 5. Bxd7+ Nxd7 6. Nf3 Be7 7. O-O Ngf6 8.
d4 cxd4 9. Nxd4 a6 10. b3 O-O 11. Bb2 Qc7 12. Qe2 b5 13. Rae1 Qc5 14. Ncxb5
axb5 15. Qxb5 Qxb5 16. Nxb5 Rxa2 17. Bxf6 gxf6 18. Rc1 Rc8 19. c3 Nc5 20. b4
Nxe4 21. Rfe1 d5 22. Nd4 Rxc3 0-1

[Event "Wipptal - Steinegg"]
[Site "?"]
[Date "2016.12.03"]
[Round "3.3"]
[White "Engl, Alexander"]
[Black "Haller, Quentin"]
[Result "1/2-1/2"]
[WhiteElo "1829"]
[BlackElo "1589"]
[PlyCount "78"]
[EventDate "2016.12.03"]

1. e4 c6 2. d4 d5 3. Nd2 dxe4 4. Nxe4 Bf5 5. Ng3 Bg6 6. N1e2 Nf6 7. Nf4 e6 8.
h4 Bf5 9. c3 Nbd7 10. Nxf5 exf5 11. Qb3 Qb6 12. Bc4 Qxb3 13. Bxb3 Bd6 14. f3
O-O 15. O-O Rfe8 16. Bc2 g6 17. Bd3 Kg7 18. Bd2 Nf8 19. Rfe1 Ne6 20. Ne2 Nh5
21. Kf2 Nhf4 22. Nxf4 Bxf4 23. Bxf4 Nxf4 24. Bc2 Re6 25. g3 Nd5 26. Rxe6 fxe6
27. Re1 Kf6 28. Bb3 Re8 29. Re5 h6 30. Bxd5 cxd5 31. f4 Rc8 32. Ke3 Rc6 33. Kd3
a6 34. b3 b5 35. Re1 Ke7 36. Ra1 a5 37. a4 b4 38. Rc1 h5 39. Rc2 Kd6 1/2-1/2

[Event "Bruneck - Ehrenburg"]
[Site "?"]
[Date "2016.12.17"]
[Round "4.1"]
[White "Gatterer, Florian"]
[Black "Luciani, Valerio"]
[Result "1/2-1/2"]
[WhiteElo "2274"]
[BlackElo "2178"]
[PlyCount "185"]
[EventDate "2016.12.17"]

1. c4 e6 2. Nf3 Nf6 3. Nc3 d5 4. e3 c5 5. cxd5 Nxd5 6. Nxd5 Qxd5 7. b3 Be7 8.
Bb2 O-O 9. Bc4 Qd8 10. O-O Nc6 11. Qe2 Bf6 12. d4 cxd4 13. Nxd4 Nxd4 14. Bxd4
Bxd4 15. Rad1 Qf6 16. Rxd4 e5 17. Rd2 Be6 18. Bxe6 Qxe6 19. Rfd1 a6 20. Rd6 Qf5
21. e4 Qg5 22. Rd7 b5 23. g3 Rfd8 24. h4 Qf6 25. Qd3 Re8 26. Rd6 Qe7 27. Kg2
Ra7 28. Qd5 h5 29. Qc6 Rea8 30. R1d5 f6 31. Qc3 Kf7 32. Qf3 Rh8 33. Qf5 g6 34.
Qf3 Re8 35. Qd1 Qf8 36. Kg1 Kg7 37. Kh2 Ree7 38. Rd8 Qf7 39. R8d6 Re6 40. Qd2
Rxd6 41. Rxd6 Qb7 42. Qd3 a5 43. Rd5 b4 44. Rd6 Qc7 45. Kg2 Qf7 46. Rd8 Qe7 47.
Qd5 Qf7 48. Qd6 Rc7 49. Qb6 Ra7 50. Rd6 Qb7 51. Qe3 Ra6 52. Rd5 Ra7 53. Kh2 Ra6
54. Qd3 Ra7 55. Rd6 Qc7 56. Qd5 Qc2 57. Kg2 Qc7 58. Rc6 Qb7 59. Qc5 Kf7 60. Kg1
Qe7 61. Qd5+ Kg7 62. Rc8 Qf7 63. Qc5 Qe7 64. Qxe7+ Rxe7 65. Ra8 Rd7 66. Kg2 Rd4
67. Kf3 f5 68. exf5 gxf5 69. Rxa5 Kf6 70. Ra6+ Kg7 71. Ke3 Re4+ 72. Kf3 Rd4 73.
Kg2 e4 74. Kf1 Rd2 75. Ra4 Kf6 76. Rxb4 Rxa2 77. Rb5 Rb2 78. b4 Ke6 79. Rb8 f4
80. Re8+ Kf5 81. Rf8+ Ke5 82. gxf4+ Ke6 83. Rb8 Kf5 84. b5 Kxf4 85. b6 Kf3 86.
Ke1 Rb1+ 87. Kd2 Kxf2 88. b7 e3+ 89. Kd3 e2 90. Rf8+ Kg3 91. Kxe2 Rxb7 92. Rd8
Kxh4 93. Kf2 1/2-1/2

[Event "Bruneck - Ehrenburg"]
[Site "?"]
[Date "2016.12.17"]
[Round "4.2"]
[White "Moling, Patrick"]
[Black "Hengl, Christian"]
[Result "1/2-1/2"]
[WhiteElo "2077"]
[BlackElo "2167"]
[PlyCount "82"]
[EventDate "2016.12.17"]

1. e4 e6 2. d4 d5 3. Nd2 Nf6 4. e5 Nfd7 5. f4 c5 6. c3 Nc6 7. Ndf3 Qb6 8. Ne2
f5 9. h3 Be7 10. g3 O-O 11. Bg2 cxd4 12. cxd4 Ndb8 13. O-O Bd7 14. Rf2 Na6 15.
Nc3 Na5 16. b3 Rac8 17. Bb2 Rc7 18. Rc1 Rfc8 19. Ne1 Kh8 20. Kh2 g5 21. Bf1
gxf4 22. gxf4 Rg8 23. Rg2 Rcc8 24. Rcc2 Rcf8 25. Rxg8+ Rxg8 26. Rg2 Rxg2+ 27.
Nxg2 Nc7 28. Ne3 Nc6 29. Na4 Qa5 30. Bc3 Bb4 31. Bxb4 Qxb4 32. Nc2 Qe7 33. Qd2
b6 34. Nc3 Qh4 35. Kg2 Ne7 36. Qf2 Qh6 37. Kf3 Ng6 38. Qg3 Be8 39. Qg5 Qg7 40.
Qd8 Qe7 41. Qxe7 Nxe7 1/2-1/2

[Event "Bruneck - Ehrenburg"]
[Site "?"]
[Date "2016.12.17"]
[Round "4.3"]
[White "Hoellrigl, Wilfried"]
[Black "Peintner, Andreas"]
[Result "1-0"]
[WhiteElo "2151"]
[BlackElo "1933"]
[PlyCount "73"]
[EventDate "2016.12.17"]

1. e4 c5 2. c3 e6 3. d4 d5 4. e5 Bd7 5. Nf3 Qb6 6. a3 Bb5 7. b4 cxb4 8. Bxb5+
Qxb5 9. cxb4 Nc6 10. Nc3 Qc4 11. Bb2 Nh6 12. Rc1 Nf5 13. Ne2 Qb5 14. O-O Be7
15. Nc3 Qb6 16. Na4 Qb5 17. Nc5 O-O 18. Bc3 Rfc8 19. a4 Qb6 20. Qd2 Nd8 21. b5
Qc7 22. Ba5 b6 23. Nxe6 Qd7 24. Nxd8 Bxd8 25. Bb4 h6 26. Rxc8 Rxc8 27. Rc1 Bg5
28. Rxc8+ Qxc8 29. Qc3 Ne7 30. Qxc8+ Nxc8 31. Nxg5 hxg5 32. g4 Kh7 33. Kg2 Kg6
34. Kg3 f5 35. f4 gxf4+ 36. Kxf4 fxg4 37. Kxg4 1-0

[Event "Bruneck - Ehrenburg"]
[Site "?"]
[Date "2016.12.17"]
[Round "4.4"]
[White "Oberhammer, Ignaz"]
[Black "Jedinger, Andreas"]
[Result "0-1"]
[WhiteElo "1876"]
[BlackElo "2124"]
[PlyCount "92"]
[EventDate "2016.12.17"]

1. e4 e5 2. Nf3 Nc6 3. Bc4 Nf6 4. Ng5 d5 5. exd5 Na5 6. d3 h6 7. Nf3 e4 8. Qe2
Nxc4 9. dxc4 Bc5 10. h3 O-O 11. Nh2 b5 12. O-O bxc4 13. Qxc4 Qd6 14. Nc3 Ba6
15. Nb5 Qxd5 16. Qxd5 Nxd5 17. c4 c6 18. cxd5 Bxb5 19. Rd1 Rfd8 20. Be3 Bxe3
21. fxe3 cxd5 22. Rd4 Rac8 23. Rad1 Be2 24. R1d2 Rc1+ 25. Kf2 Bd3 26. Ng4 Rdc8
27. Rxd5 R8c2 28. Rxc2 Rxc2+ 29. Kg3 Rxb2 30. Ra5 a6 31. a3 Bb5 32. Kf4 Rxg2
33. Kxe4 f6 34. Kf3 Rd2 35. Nf2 f5 36. h4 Kf7 37. e4 g6 38. exf5 gxf5 39. Ke3
Rc2 40. Nd1 Kf6 41. Kf4 Rc4+ 42. Kg3 Ke5 43. Nf2 Rc3+ 44. Kg2 Kf4 45. Nd1 Rc2+
46. Kh3 Bf1# 0-1

[Event "Bruneck - Ehrenburg"]
[Site "?"]
[Date "2016.12.17"]
[Round "4.5"]
[White "Mairhofer, Lino"]
[Black "Balzarini, Franco"]
[Result "1-0"]
[WhiteElo "1713"]
[BlackElo "1822"]
[PlyCount "75"]
[EventDate "2016.12.17"]

1. e4 c5 2. Nf3 Nc6 3. d4 cxd4 4. Nxd4 Qb6 5. Nb3 a6 6. Nc3 e6 7. Be3 Qc7 8.
Be2 Bb4 9. O-O Nf6 10. f3 O-O 11. Qe1 d5 12. Qh4 b5 13. exd5 Bxc3 14. bxc3 Nxd5
15. Bd2 h6 16. Bd3 Ne5 17. Be4 Bb7 18. Qg3 Kh8 19. Rae1 Qb6+ 20. Kh1 Nc4 21.
Bc1 Nf6 22. Bxb7 Qxb7 23. Qh4 Ng8 24. Qh3 Qe7 25. Nd4 Rac8 26. f4 Qf6 27. f5 e5
28. Nf3 Ne7 29. Bg5 Qd6 30. f6 Ng8 31. fxg7+ Kxg7 32. Nh4 Qe6 33. Nf5+ Kh8 34.
Qh4 Qg6 35. Nxh6 f6 36. Nf5+ Nh6 37. Bxh6 Rf7 38. Bg5+ 1-0

[Event "Bruneck - Ehrenburg"]
[Site "?"]
[Date "2016.12.17"]
[Round "4.6"]
[White "Niederkofler, Andreas"]
[Black "Flatscher, Tobias"]
[Result "1-0"]
[WhiteElo "1780"]
[BlackElo "1750"]
[PlyCount "77"]
[EventDate "2016.12.17"]

1. Nf3 d5 2. c4 c6 3. g3 Nf6 4. Bg2 Bf5 5. cxd5 Bxb1 6. Rxb1 Nxd5 7. O-O e6 8.
b3 Be7 9. Bb2 Bf6 10. a3 Bxb2 11. Rxb2 Nd7 12. d4 O-O 13. e4 Nc3 14. Qc2 Nb5
15. a4 Nc7 16. Rd1 Qe7 17. b4 Rac8 18. Qb3 Nf6 19. Ne5 Nd7 20. Nc4 Nb6 21. Na5
Rb8 22. Rc2 Rfd8 23. Nc4 Nxc4 24. Qxc4 Rd7 25. b5 cxb5 26. axb5 Rbd8 27. d5
exd5 28. exd5 Qd6 29. Ra2 a6 30. bxa6 Nxa6 31. Rb1 Rc7 32. Qb5 g6 33. h4 Rdc8
34. Re2 Rc1+ 35. Rxc1 Rxc1+ 36. Kh2 Rc7 37. Re8+ Kg7 38. Qb2+ Qf6 39. Rg8+ 1-0

[Event "Deutschnofen - Brixen/Milland"]
[Site "?"]
[Date "2016.12.17"]
[Round "4.1"]
[White "Sader, Michael"]
[Black "Dappiano, Andrea"]
[Result "1/2-1/2"]
[WhiteElo "2116"]
[BlackElo "2237"]
[PlyCount "117"]
[EventDate "2016.12.17"]

1. c4 c5 2. Nc3 Nc6 3. g3 g6 4. Bg2 Bg7 5. Nf3 e6 6. O-O Nge7 7. d3 O-O 8. a3
b6 9. Rb1 Bb7 10. Bd2 d6 11. b4 Qd7 12. bxc5 dxc5 13. Na4 Rab8 14. Bc3 e5 15.
Ba1 Nd4 16. Bxd4 exd4 17. Nb2 Rfe8 18. Qc2 Nc6 19. Rbe1 Re7 20. Nd1 Rbe8 21. e4
dxe3 22. Rxe3 Nd4 23. Nxd4 Bxd4 24. Rxe7 Rxe7 25. Nc3 Bxg2 26. Kxg2 Qc6+ 27.
Kg1 Qf3 28. Ne4 f5 29. Nd2 Qg4 30. Nb3 Bg7 31. Qd1 Qe2 32. Nc1 Qxd1 33. Rxd1 f4
34. Kg2 fxg3 35. hxg3 h5 36. a4 Bc3 37. Kf1 g5 38. Ne2 Bf6 39. Rb1 Rd7 40. Rb3
Bd8 41. Ng1 Kf7 42. Nf3 Bf6 43. Nd2 Kg6 44. Ne4 Be5 45. a5 Bc7 46. axb6 axb6
47. Ke2 h4 48. gxh4 gxh4 49. Rb1 Rh7 50. Rg1+ Kf5 51. Kf3 h3 52. Rg5+ Ke6 53.
Rg6+ Ke7 54. Rg1 Rf7+ 55. Ke2 h2 56. Rh1 Rg7 57. Ng3 Bxg3 58. fxg3 Rxg3 59.
Rxh2 1/2-1/2

[Event "Deutschnofen - Brixen/Milland"]
[Site "?"]
[Date "2016.12.17"]
[Round "4.2"]
[White "Micheli, Carlo"]
[Black "Kofler, Thomas"]
[Result "1-0"]
[WhiteElo "2240"]
[BlackElo "1940"]
[PlyCount "78"]
[EventDate "2016.12.17"]

1. c4 e5 2. g3 Nc6 3. Bg2 g6 4. Nc3 Bg7 5. d3 d6 6. Rb1 f5 7. Nf3 Nf6 8. O-O
O-O 9. b4 Ne7 10. e4 h6 11. Qe2 Kh7 12. Nh4 c6 13. f4 exf4 14. gxf4 Ng4 15. Nd1
Bd4+ 16. Kh1 Nd5 17. Nf3 Nc3 18. Nxc3 Bxc3 19. h3 Bg7 20. hxg4 fxg4 21. Nh2 g3
22. Nf3 Bg4 23. Be3 h5 24. Qe1 Bxf3 25. Rxf3 h4 26. Qf1 Qe7 27. Bh3 a6 28. Bg4
Bf6 29. Qh3 Kg7 30. Be6 Rae8 31. f5 g5 32. Qg4 Rh8 33. d4 Kh6 34. Kg2 Kg7 35.
e5 dxe5 36. dxe5 h3+ 37. Kxg3 Bxe5+ 38. Kf2 Bf6 39. Bxg5 h2 1-0

[Event "Deutschnofen - Brixen/Milland"]
[Site "?"]
[Date "2016.12.17"]
[Round "4.3"]
[White "Kofler, Oswald"]
[Black "Tonina, Filippo"]
[Result "0-1"]
[WhiteElo "1839"]
[BlackElo "1980"]
[PlyCount "100"]
[EventDate "2016.12.17"]

1. d4 d6 2. Nf3 Bg4 3. e3 g6 4. Be2 Bg7 5. c4 c6 6. Nc3 Nd7 7. h3 Bxf3 8. Bxf3
Ngf6 9. O-O O-O 10. b3 Qc7 11. Bb2 e5 12. Qc2 Rac8 13. Rac1 Rfe8 14. Rfe1 Nf8
15. d5 cxd5 16. Nxd5 Nxd5 17. Bxd5 Ne6 18. Re2 Qe7 19. Rd2 b5 20. Rcd1 Red8 21.
Qe4 Nc5 22. Qg4 b4 23. e4 Kh8 24. f4 exf4 25. Bxg7+ Kxg7 26. Qxf4 Rf8 27. Re2
Qe5 28. Qf3 Rce8 29. Bc6 Re6 30. Bd5 Rf6 31. Qe3 Re8 32. Qd2 a5 33. Rde1 Rf4
34. Re3 h5 35. g3 Rf6 36. h4 g5 37. hxg5 Qxg5 38. Qd4 Re5 39. Kg2 Qg4 40. Rh1
Ref5 41. Qb2 Rf3 42. Rxf3 Qxf3+ 43. Kh2 Qf2+ 44. Qxf2 Rxf2+ 45. Kg1 Rxa2 46.
Rxh5 a4 47. e5 axb3 48. Rf5 b2 49. Rxf7+ Kg6 50. Rf1 Ra1 0-1

[Event "Deutschnofen - Brixen/Milland"]
[Site "?"]
[Date "2016.12.17"]
[Round "4.4"]
[White "Thurner, Markus"]
[Black "Wisthaler, Lukas"]
[Result "1-0"]
[WhiteElo "1909"]
[BlackElo "1788"]
[PlyCount "73"]
[EventDate "2016.12.17"]

1. e4 c5 2. Nc3 e6 3. g3 Nc6 4. Bg2 Nf6 5. f4 d6 6. Nf3 Qc7 7. O-O a6 8. d3 Be7
9. Qe2 Nd4 10. Nxd4 cxd4 11. Nd1 Nd7 12. c4 Rb8 13. Bd2 b6 14. Nf2 Bb7 15. Rae1
Bc6 16. f5 Ne5 17. Ng4 exf5 18. exf5 Bxg2 19. Kxg2 f6 20. Nxe5 dxe5 21. Qh5+
Kd7 22. Qf7 Qc6+ 23. Kg1 a5 24. b3 Rbf8 25. Qxg7 h5 26. Re4 Rfg8 27. Qf7 Rf8
28. Qd5+ Qxd5 29. cxd5 Kd6 30. Rc1 Kxd5 31. Kf2 Rc8 32. Ree1 Ba3 33. Rc4 Rc6
34. Kf3 Bc5 35. Rec1 Rd6 36. Bxa5 Ra8 37. b4 1-0

[Event "Deutschnofen - Brixen/Milland"]
[Site "?"]
[Date "2016.12.17"]
[Round "4.5"]
[White "Hellweg, Stephan"]
[Black "Gibitz, Othmar"]
[Result "1/2-1/2"]
[WhiteElo "1736"]
[BlackElo "1710"]
[PlyCount "84"]
[EventDate "2016.12.17"]

1. e4 e5 2. Nf3 Nc6 3. Bb5 a6 4. Ba4 Bc5 5. c3 b5 6. Bc2 d6 7. h3 h6 8. O-O Nf6
9. d3 O-O 10. Nbd2 Ne7 11. Re1 Ng6 12. Nf1 Re8 13. Ng3 Bd7 14. Be3 Bxe3 15.
fxe3 a5 16. Qd2 Nh7 17. Rf1 Ng5 18. Qf2 Rf8 19. Nf5 Nxf3+ 20. Qxf3 Bc6 21. Qf2
Ne7 22. Ng3 Ng6 23. Bb3 Be8 24. Nf5 a4 25. Bc2 Bd7 26. g3 Be6 27. a3 Kh7 28.
Rad1 Nh8 29. Kg2 Ng6 30. Qf3 Qg5 31. h4 Qd8 32. Qg4 Rg8 33. d4 Qf6 34. Qh5 Qd8
35. d5 Bd7 36. g4 f6 37. g5 Be8 38. Qg4 Ne7 39. Rg1 h5 40. Qf3 Nxf5 41. exf5
Rh8 42. g6+ Kg8 1/2-1/2

[Event "Deutschnofen - Brixen/Milland"]
[Site "?"]
[Date "2016.12.17"]
[Round "4.6"]
[White "Welsch, Ulrich"]
[Black "Hofer, Karl"]
[Result "1-0"]
[WhiteElo "1599"]
[BlackElo "1316"]
[PlyCount "74"]
[EventDate "2016.12.17"]

1. d4 g6 2. c4 Bg7 3. Nc3 d6 4. e4 Nd7 5. Be2 c5 6. d5 Ngf6 7. Bg5 Qa5 8. Bd2
Qb6 9. Qc1 O-O 10. h3 Re8 11. g4 Nf8 12. g5 N6d7 13. Qc2 a6 14. h4 Rb8 15. Nh3
Qc7 16. Kf1 e6 17. Rd1 Bh8 18. Qd3 e5 19. h5 Nb6 20. Kg2 Qe7 21. Qg3 Bd7 22. b3
Nc8 23. a4 Nb6 24. Bg4 Qd8 25. f3 Na8 26. Nf2 Nc7 27. Qh4 b5 28. Bxd7 Qxd7 29.
Ng4 Re7 30. Nf6+ Bxf6 31. gxf6 Re6 32. dxe6 Qxe6 33. axb5 axb5 34. Qg5 Nd7 35.
hxg6 fxg6 36. Rxh7 Nxf6 37. Qxg6+ Kf8 1-0

[Event "Ehrenburg2 - Arci2"]
[Site "?"]
[Date "2016.12.17"]
[Round "4.5"]
[White "Scarabello, Graziano"]
[Black "Ploner, Heinz"]
[Result "1-0"]
[WhiteElo "1497"]
[BlackElo "1596"]
[PlyCount "57"]
[EventDate "2016.12.17"]

1. e4 d6 2. d4 Nf6 3. Nc3 g6 4. Bd3 Bg7 5. Nge2 O-O 6. O-O c6 7. Be3 Ng4 8. Qd2
Nxe3 9. fxe3 Nd7 10. Rf2 e5 11. d5 c5 12. Raf1 a6 13. a4 Rb8 14. Ng3 h5 15.
Nxh5 gxh5 16. Rf3 h4 17. Qf2 Qe7 18. Be2 Nb6 19. h3 Bd7 20. b3 Be8 21. g4 Qg5
22. Rf5 Qe7 23. Rh5 f6 24. Rxh4 Bg6 25. Kh2 Rf7 26. Qg3 Bh8 27. Rh6 Kg7 28. Qh4
f5 29. g5 1-0

[Event "Gries - Naturns"]
[Site "?"]
[Date "2016.12.17"]
[Round "4.1"]
[White "La Manna, Andrea"]
[Black "Spornberger, Andre"]
[Result "1-0"]
[WhiteElo "2157"]
[BlackElo "2187"]
[PlyCount "123"]
[EventDate "2016.12.17"]

1. d4 e6 2. c4 f5 3. Nc3 Nf6 4. Nf3 d5 5. Bf4 c6 6. e3 Bd6 7. Bd3 O-O 8. Qc2
Ne4 9. O-O Qc7 10. Ne2 a5 11. c5 Bxf4 12. exf4 Qe7 13. Ne5 Nd7 14. Nxd7 Bxd7
15. f3 Nf6 16. Nc3 g6 17. Na4 Rfb8 18. a3 Be8 19. Nb6 Ra7 20. Rfe1 Bf7 21. b4
Qc7 22. g3 axb4 23. axb4 Rxa1 24. Rxa1 Nd7 25. Nxd7 Qxd7 26. Qe2 Qc8 27. Ra7
Ra8 28. Qa2 Rxa7 29. Qxa7 Be8 30. Kf2 Qd7 31. Qb8 Kf7 32. h4 h5 33. Ke3 Kf8 34.
Kd2 Qg7 35. Kc3 Qd7 36. Be2 Ke7 37. Kb3 Kf8 38. Ka4 b5+ 39. Ka5 Ke7 40. Kb6
Qd8+ 41. Qc7+ Bd7 42. Bxb5 cxb5 43. c6 Qxc7+ 44. Kxc7 Be8 45. Kb7 g5 46. hxg5
e5 47. fxe5 f4 48. c7 Bd7 49. gxf4 h4 50. g6 h3 51. g7 Kf7 52. c8=Q Bxc8+ 53.
Kxc8 h2 54. e6+ Kxg7 55. e7 h1=Q 56. e8=Q Qxf3 57. Qxb5 Qxf4 58. Qd7+ Kg6 59.
Qxd5 Qf8+ 60. Kd7 Qg7+ 61. Kc6 Qa7 62. Qd6+ 1-0